[Event "UT Dallas Fall Open 2017"]
[Site "Dallas USA"]
[Date "2017.11.17"]
[Round "1.2"]
[White "Xiong, Jeffery"]
[Black "Kaliksteyn, Alexander"]
[Result "1-0"]
[WhiteTitle "GM"]
[BlackTitle "FM"]
[WhiteElo "2629"]
[BlackElo "2425"]
[WhiteFideId "2047640"]
[BlackFideId "2007630"]
[EventDate "2017.11.17"]

1. d4 d5 2. c4 c6 3. Nf3 Nf6 4. Nc3 dxc4 5. a4 e6 6. Bg5 Bb4 7. e4 Qa5 8. Bd2 c5
9. Bxc4 cxd4 10. Nxd4 Qc5 11. Bb5+ Bd7 12. Nb3 Qd6 13. Qe2 Nc6 14. O-O a6 15.
Bxc6 Qxc6 16. Rfc1 Bxc3 17. Bxc3 Qxe4 18. Qxe4 Nxe4 19. Bxg7 Rg8 20. Be5 f6 21.
Bd4 e5 22. Bb6 Rc8 23. Na5 Rxc1+ 24. Rxc1 Bh3 25. g3 Nd2 26. Rc3 Rg4 27. b3 Re4
28. Be3 Nf3+ 29. Kh1 b6 30. Nb7 Kd7 31. a5 Ne1 32. axb6 Rb4 33. Nc5+ Kd6 34. Bd2
Kd5 1-0

[Event "UT Dallas Fall Open 2017"]
[Site "Dallas USA"]
[Date "2017.11.17"]
[Round "1.3"]
[White "Ynojosa Aponte, Felix Jose"]
[Black "Sevian, Samuel"]
[Result "1/2-1/2"]
[WhiteTitle "IM"]
[BlackTitle "GM"]
[WhiteElo "2423"]
[BlackElo "2615"]
[WhiteFideId "3900258"]
[BlackFideId "2040506"]
[EventDate "2017.11.17"]

1. c4 e5 2. Nc3 Nf6 3. Nf3 Nc6 4. e4 Bb4 5. d3 d6 6. h3 a5 7. Be2 h6 8. Be3 O-O
9. O-O Bc5 10. d4 exd4 11. Nxd4 Nd7 12. Re1 Re8 13. Bf1 Bb4 14. Qc2 Nc5 15. Ndb5
Na7 16. Nxa7 Rxa7 17. f3 b6 18. a3 Bxc3 19. Qxc3 a4 20. Rad1 Qe7 21. Bd4 f6 22.
Bxc5 bxc5 23. f4 Rb7 24. Rd2 Be6 25. e5 dxe5 26. fxe5 f5 27. Qa5 Reb8 28. Qxa4
Rxb2 29. Rxb2 Rxb2 30. Qa8+ Kh7 31. Rd1 Qg5 32. Qf3 Bc8 33. Qc3 Rb6 34. a4 Bb7
35. a5 Rg6 36. Rd2 Be4 37. Ra2 f4 38. Re2 Qf5 39. Rxe4 Qxe4 40. Qd3 Qxe5 41. a6
Qa1 42. h4 h5 43. Qf5 Kh6 44. a7 Qxa7 45. Be2 Qa1+ 46. Kh2 Rg4 47. Bxg4 hxg4 48.
Qxf4+ Kh7 49. Qf5+ Kh8 50. Qxc5 Qe1 51. Qh5+ Kg8 52. Qxg4 Qe5+ 53. Kh3 Kh8 54.
g3 Kg8 55. Qf4 Qe6+ 56. g4 Qe2 57. h5 c5 58. Kg3 Qe1+ 59. Kg2 Qe2+ 60. Kh3 Qe6
61. Qb8+ Kh7 62. Qb1+ Kh8 63. Qd3 Qe5 64. Qf3 Kg8 65. Kg2 Qb2+ 66. Kg3 Qe5+ 67.
Kh3 Qe6 68. Qd3 Kh8 69. Kg3 Qe5+ 70. Kf3 Qf6+ 71. Kg2 Qb2+ 72. Kh3 Qe5 1/2-1/2

[Event "UT Dallas Fall Open 2017"]
[Site "Dallas USA"]
[Date "2017.11.17"]
[Round "1.4"]
[White "Gareyev, Timur"]
[Black "Stremavicius, Titas"]
[Result "1/2-1/2"]
[WhiteTitle "GM"]
[BlackTitle "IM"]
[WhiteElo "2615"]
[BlackElo "2422"]
[WhiteFideId "14200937"]
[BlackFideId "12804444"]
[EventDate "2017.11.17"]

1. d4 d5 2. c4 e6 3. Nc3 Nf6 4. cxd5 exd5 5. Bg5 Nbd7 6. e3 Be7 7. Bd3 c6 8.
Nge2 h6 9. Bh4 Nh5 10. Bxe7 Qxe7 11. g4 Nhf6 12. Ng3 Nb6 13. h3 Bd7 14. Qf3
O-O-O 15. O-O-O Ne8 16. Rhe1 Qf6 17. Qg2 g6 18. Kb1 Nd6 19. f3 h5 20. b3 hxg4
21. hxg4 Rde8 22. Rc1 Kb8 23. Re2 Qg5 24. Rce1 Bc8 25. Nd1 f5 26. gxf5 gxf5 27.
f4 Qe7 28. Rh1 a5 29. Rxh8 Rxh8 30. Qg1 Ne4 31. Rg2 Qb4 32. Bxe4 dxe4 33. Ne2 a4
34. Nc1 Nc4 35. Kc2 Na3+ 36. Kb2 Nc4+ 37. Kc2 Na3+ 38. Kb2 Nb5 39. Rh2 Ka7 40.
Qf2 Rxh2 41. Qxh2 Be6 42. Qc2 a3+ 43. Kb1 Ka6 44. Ne2 Qe1 45. Kc1 Bf7 46. Nc3
Bh5 47. Qd2 Qg1 48. Kc2 Bxd1+ 49. Nxd1 Qf1 50. d5 cxd5 51. Qxd5 Qe2+ 52. Qd2
Qxd2+ 53. Kxd2 Ka5 54. Nc3 Nc7 55. Ne2 Nd5 56. Nc3 Nc7 57. Ne2 Nd5 58. Nd4 Nb4
59. Nxf5 Nxa2 60. Nd6 Kb4 61. Nc4 Kxb3 62. Nxa3 Nc3 63. f5 Nd5 64. Nb5 Nf6 65.
Nd6 1/2-1/2

[Event "UT Dallas Fall Open 2017"]
[Site "Dallas USA"]
[Date "2017.11.17"]
[Round "1.5"]
[White "Kavutskiy, Konstantin"]
[Black "Li, Ruifeng"]
[Result "0-1"]
[WhiteTitle "IM"]
[BlackTitle "GM"]
[WhiteElo "2396"]
[BlackElo "2570"]
[WhiteFideId "2026384"]
[BlackFideId "2061074"]
[EventDate "2017.11.17"]

1. d4 d5 2. c4 c6 3. Nf3 Nf6 4. e3 g6 5. Nc3 Bg7 6. Be2 O-O 7. O-O b6 8. b3 Bb7
9. Bb2 e6 10. Qc2 Nbd7 11. Rad1 Qc7 12. e4 dxe4 13. Nxe4 Nxe4 14. Qxe4 c5 15.
Qh4 Rad8 16. Rfe1 a6 17. Qg3 Qxg3 18. hxg3 Nb8 19. Ba3 Bxf3 20. Bxf3 Rxd4 21.
Rxd4 Bxd4 22. b4 Nd7 23. bxc5 Nxc5 24. Bxc5 Bxc5 25. Rd1 h5 26. Rd7 Kg7 27. a4
a5 28. Kf1 Kf6 29. Ke2 Rh8 30. Kf1 Rf8 31. Bc6 Kg5 32. Ke2 f5 33. Rg7 Kh6 34.
Rc7 Kg5 35. Rg7 Kf6 36. Rc7 Rh8 37. Bf3 h4 38. Rc6 Ke5 39. Rc7 g5 40. Bb7 hxg3
41. fxg3 g4 42. Rc6 Rh2 43. Rc8 Rh7 44. Bc6 Rh1 45. Re8 Kd6 46. Bb7 Kd7 47. Rg8
Ke7 48. Bc6 Rc1 49. Bb5 Rc2+ 50. Kf1 Rc1+ 51. Ke2 Rc2+ 52. Kf1 Rf2+ 53. Kg1 Rd2+
54. Kf1 Rd3 55. Re8+ Kf6 0-1

[Event "UT Dallas Fall Open 2017"]
[Site "Dallas USA"]
[Date "2017.11.17"]
[Round "1.6"]
[White "Matsenko, Sergei"]
[Black "Wheeler, Cameron"]
[Result "1-0"]
[WhiteTitle "IM"]
[BlackTitle "IM"]
[WhiteElo "2550"]
[BlackElo "2391"]
[WhiteFideId "4170083"]
[BlackFideId "2060531"]
[EventDate "2017.11.17"]

1. d4 d5 2. c4 c6 3. e3 Nf6 4. Nc3 Nbd7 5. Nf3 e6 6. Qc2 Bd6 7. Bd3 dxc4 8. Bxc4
O-O 9. O-O Qe7 10. a3 e5 11. h3 Nb6 12. dxe5 Bxe5 13. Nxe5 Qxe5 14. Bd3 Be6 15.
f4 Qc5 16. b4 Qe7 17. e4 Bc4 18. e5 Bxd3 19. Qxd3 Nfd5 20. Ne4 Rad8 21. Qc2 f6
22. Bb2 fxe5 23. Bxe5 Ne3 24. Qb3+ Nbd5 25. Rfe1 Nf5 26. Rad1 Kh8 27. Ng5 Rde8
28. g4 h6 29. Ne4 Nh4 30. Bd6 Qf7 31. Bxf8 Qxf4 32. Bd6 Nf3+ 33. Kh1 1-0

[Event "UT Dallas Fall Open 2017"]
[Site "Dallas USA"]
[Date "2017.11.17"]
[Round "1.7"]
[White "Thavandiran, Shiyam"]
[Black "Macieja, Bartlomiej"]
[Result "0-1"]
[WhiteTitle "FM"]
[BlackTitle "GM"]
[WhiteElo "2389"]
[BlackElo "2533"]
[WhiteFideId "2605058"]
[BlackFideId "1104306"]
[EventDate "2017.11.17"]

1. e4 c5 2. Nf3 e6 3. d4 cxd4 4. Nxd4 Nc6 5. Nc3 Qc7 6. Be3 a6 7. Qf3 Nf6 8.
O-O-O d6 9. Kb1 Be7 10. Nxc6 bxc6 11. g4 a5 12. g5 Nd7 13. Qh3 e5 14. Qg3 a4 15.
Ka1 O-O 16. h4 a3 17. b3 d5 18. Bc1 Qa5 19. exd5 Bb4 20. Ne4 cxd5 21. Nf6+ Nxf6
22. gxf6 g6 23. h5 Bf5 24. hxg6 fxg6 25. Qh4 Rf7 26. Rxd5 Bxc2 27. Qxb4 Qxb4 0-1

[Event "UT Dallas Fall Open 2017"]
[Site "Dallas USA"]
[Date "2017.11.17"]
[Round "1.8"]
[White "Perelshteyn, Eugene"]
[Black "Rahul, Srivatshav P"]
[Result "1-0"]
[WhiteTitle "GM"]
[WhiteElo "2523"]
[BlackElo "2375"]
[WhiteFideId "2012529"]
[BlackFideId "25059653"]
[EventDate "2017.11.17"]

1. c4 g6 2. g3 Bg7 3. Bg2 d6 4. Nc3 Nc6 5. Nf3 Nf6 6. O-O O-O 7. Rb1 e5 8. d3 h6
9. b4 Ne7 10. b5 Be6 11. Nd2 c6 12. bxc6 bxc6 13. Ba3 Qc7 14. Qa4 Rfd8 15. Rfc1
Rab8 16. Nb3 Bd7 17. Qa5 Qxa5 18. Nxa5 Rxb1 19. Rxb1 Bc8 20. Nxc6 Nxc6 21. Bxc6
Bd7 22. Bg2 Bf8 23. Rb7 a6 24. Rb6 Bc8 25. Nd5 Nxd5 26. Bxd5 Kg7 27. Bb4 Be7 28.
Kg2 h5 29. h4 f6 30. Rc6 Bb7 31. Rc7 Bxd5+ 32. cxd5 Kf8 33. Ra7 Rb8 34. a3 Rb6
35. e4 f5 36. Kh3 Ke8 37. f3 Kf8 38. g4 hxg4+ 39. fxg4 fxg4+ 40. Kxg4 Ke8 41. h5
gxh5+ 42. Kxh5 Kf7 43. Kg4 Kf6 44. Bd2 Bf8 45. Kh5 1-0

[Event "UT Dallas Fall Open 2017"]
[Site "Dallas USA"]
[Date "2017.11.17"]
[Round "1.9"]
[White "Sheng, Joshua"]
[Black "Ider, Borya"]
[Result "1/2-1/2"]
[WhiteTitle "IM"]
[BlackTitle "IM"]
[WhiteElo "2373"]
[BlackElo "2515"]
[WhiteFideId "2057360"]
[BlackFideId "4901134"]
[EventDate "2017.11.17"]

1. e4 g6 2. d4 Bg7 3. Nc3 d5 4. exd5 Nf6 5. Bc4 Nbd7 6. Bb3 Nb6 7. Nf3 O-O 8.
O-O a5 9. a3 Nbxd5 10. Nxd5 Nxd5 11. Re1 c6 12. h3 Be6 13. Ng5 Bf5 14. c3 Rc8
15. Qf3 Rc7 16. Bd2 b5 17. Ba2 Ra7 18. Ne4 Bxe4 19. Qxe4 e6 20. a4 Qd7 21. axb5
cxb5 22. Bb1 Nb6 23. Qe2 Nc4 24. Bf4 Rc8 25. Be4 b4 26. Bd3 Nb6 27. Rec1 Nd5 28.
Bd2 Rac7 29. Qe1 a4 30. cxb4 Bxd4 31. Rxc7 Rxc7 32. Qe2 Bxb2 33. Bb5 Qc8 34.
Rxa4 Rc2 35. Qd3 Bc1 36. Be1 Bg5 37. Ra1 Rc1 38. Qa3 Rxa1 39. Qxa1 Bf6 40. Qb1
Be7 41. Bd3 Nf4 42. Bf1 Nd5 43. b5 Bc5 44. Qa2 Qb8 45. Bc4 Nf4 46. Bf1 Qe5 47.
Qd2 Nd5 48. Qc1 Bb6 49. Qd2 h5 50. Qe2 Qa1 51. h4 Qa3 52. Kh1 Qa8 53. Kh2 Nf6
54. f3 Nd5 55. Bf2 Bc7+ 56. g3 Qa4 57. Qc4 Qa3 58. Qd3 Qb2 59. Qe2 Qf6 60. Kg2
g5 61. hxg5 Qxg5 62. Qe4 Bf4 63. Kh2 Bc7 64. Kg2 Bf4 65. Kh2 Bc7 1/2-1/2

[Event "UT Dallas Fall Open 2017"]
[Site "Dallas USA"]
[Date "2017.11.17"]
[Round "1.10"]
[White "Brown, Michael William"]
[Black "Daggupati, Balaji"]
[Result "1-0"]
[WhiteTitle "IM"]
[BlackTitle "FM"]
[WhiteElo "2514"]
[BlackElo "2358"]
[WhiteFideId "2037602"]
[BlackFideId "2090759"]
[EventDate "2017.11.17"]

1. d4 d5 2. c4 c6 3. cxd5 cxd5 4. Bg5 h6 5. Bh4 Qb6 6. Nc3 e6 7. Qd2 Nc6 8. e3
Be7 9. Bxe7 Ngxe7 10. Nf3 Bd7 11. Be2 Rc8 12. O-O O-O 13. Na4 Qa5 14. Nc5 Qxd2
15. Nxd2 Nb8 16. Nxb7 Rc2 17. Rfd1 Rxb2 18. Nc5 Bc6 19. Nd3 Rb6 20. a4 Nd7 21.
f3 a5 22. Kf2 Nf5 23. Rdc1 Rc8 24. Ra3 Rcb8 25. g4 Nd6 26. Ke1 h5 27. gxh5 Nf5
28. Kf2 Kf8 29. Bd1 Nd6 30. Rac3 Bb7 31. Rc7 Ba6 32. Nc5 Nxc5 33. dxc5 Rb2 34.
cxd6 Rxd2+ 35. Ke1 Rxh2 36. R1c6 f5 37. Rxa6 1-0

[Event "UT Dallas Fall Open 2017"]
[Site "Dallas USA"]
[Date "2017.11.17"]
[Round "1.11"]
[White "Sarkar, Justin"]
[Black "Kadric, Denis"]
[Result "1/2-1/2"]
[WhiteTitle "IM"]
[BlackTitle "GM"]
[WhiteElo "2354"]
[BlackElo "2505"]
[WhiteFideId "2010011"]
[BlackFideId "14403803"]
[EventDate "2017.11.17"]

1. d4 d6 2. e4 g6 3. c4 Bg7 4. Nc3 Nd7 5. Nf3 e5 6. Be2 Nh6 7. h4 f6 8. h5 g5 9.
dxe5 dxe5 10. Nh2 O-O 11. Be3 c6 12. Ng4 Qe7 13. Nxh6+ Bxh6 14. Bg4 Rd8 15. Qe2
Nc5 16. O-O Ne6 17. Rad1 Nd4 18. Bxd4 exd4 19. Bxc8 Raxc8 20. Nb1 f5 21. Rfe1 f4
22. Qg4 c5 23. e5 Rc6 24. Nd2 Re6 25. Nf3 Kh8 26. b4 b6 27. bxc5 bxc5 28. Rb1
Ra6 29. e6 Re8 30. Qf5 g4 31. Ne5 Rxe6 32. Nf7+ Kg7 33. Rxe6 Qxe6 34. Nxh6 Kxh6
35. Qxf4+ Kxh5 36. Rb5 Rc8 37. Qxd4 Qf5 38. Qd6 Qg5 39. Rb7 h6 40. Rxa7 Rd8 41.
Qh2+ Qh4 42. Qxh4+ Kxh4 43. Rc7 Rd2 44. Rxc5 g3 45. Rd5 gxf2+ 46. Kf1 Rxa2 47.
c5 Rc2 48. Rd6 Kg5 49. c6 h5 50. c7 Rxc7 1/2-1/2

[Event "UT Dallas Fall Open 2017"]
[Site "Dallas USA"]
[Date "2017.11.17"]
[Round "1.12"]
[White "Popilski, Gil"]
[Black "Kambrath, Yannick"]
[Result "1-0"]
[WhiteTitle "GM"]
[BlackTitle "FM"]
[WhiteElo "2502"]
[BlackElo "2332"]
[WhiteFideId "2809060"]
[BlackFideId "20632525"]
[EventDate "2017.11.17"]

1. d4 Nf6 2. Nf3 d5 3. c4 e6 4. Nc3 a6 5. cxd5 exd5 6. Bg5 Be6 7. e3 Nbd7 8. Bd3
h6 9. Bf4 Nh5 10. O-O Be7 11. Bc2 Nxf4 12. exf4 Nf6 13. Re1 O-O 14. Qd3 Re8 15.
Ne5 c5 16. Re2 Rc8 17. Rae1 cxd4 18. Qxd4 Qd6 19. h3 Bf8 20. g4 Qc5 21. Qd3 Rcd8
22. g5 hxg5 23. fxg5 Ne4 24. Nxe4 dxe4 25. Qxe4 g6 26. Qh4 Rd4 27. Ng4 Bg7 28.
Bb3 Qf5 29. Bxe6 Rxe6 30. Rxe6 fxe6 31. Nh6+ Bxh6 32. Qxd4 Bxg5 33. Qd7 1-0

[Event "UT Dallas Fall Open 2017"]
[Site "Dallas USA"]
[Date "2017.11.17"]
[Round "1.14"]
[White "Shtembuliak, Evgeny"]
[Black "Tsay, Vincent"]
[Result "1-0"]
[WhiteTitle "IM"]
[BlackTitle "FM"]
[WhiteElo "2490"]
[BlackElo "2221"]
[WhiteFideId "14113325"]
[BlackFideId "30931835"]
[EventDate "2017.11.17"]

1. d4 d5 2. c4 e6 3. Nc3 c6 4. e3 Nf6 5. Nf3 a6 6. b3 Bb4 7. Bd2 O-O 8. Bd3 Nbd7
9. O-O Qe7 10. Bc2 Bd6 11. Re1 dxc4 12. bxc4 e5 13. Ng5 Bc7 14. Rb1 Rd8 15. f4
h6 16. Nf3 exd4 17. exd4 Qd6 18. Qe2 Nf8 19. c5 Qd7 20. f5 Re8 21. Qf2 Rxe1+ 22.
Rxe1 Qd8 23. Ne5 N8d7 24. h3 Nd5 25. Nxd5 cxd5 26. Ng4 h5 27. Ne5 Ba5 28. Bxa5
Qxa5 29. Nxd7 Bxd7 30. Re7 Ba4 31. Bxa4 Qxa4 32. f6 Re8 33. Qe3 Rxe7 34. fxe7
Qe8 35. Qe5 h4 36. Qd6 f6 37. Qxd5+ 1-0

[Event "UT Dallas Fall Open 2017"]
[Site "Dallas USA"]
[Date "2017.11.17"]
[Round "1.15"]
[White "Guo, Arthur"]
[Black "Raznikov, Danny"]
[Result "1/2-1/2"]
[WhiteTitle "FM"]
[BlackTitle "GM"]
[WhiteElo "2219"]
[BlackElo "2488"]
[WhiteFideId "30903114"]
[BlackFideId "2811154"]
[EventDate "2017.11.17"]

1. b3 Nf6 2. Bb2 g6 3. e3 Bg7 4. Nf3 O-O 5. d4 c5 6. Be2 b6 7. O-O Bb7 8. Nbd2
e6 9. Rc1 Qe7 10. c4 Nc6 11. Ne5 Rfd8 12. Bf3 Rac8 13. Qe2 cxd4 14. Nxc6 Bxc6
15. Bxd4 e5 16. Bxc6 exd4 17. Bf3 dxe3 18. Qxe3 Qxe3 19. fxe3 Bh6 20. Kf2 Re8
21. Rfe1 d5 22. Nf1 dxc4 23. Rxc4 Rxc4 24. bxc4 Bf8 25. Nd2 Bb4 26. Re2 Rc8 27.
Ne4 Nxe4+ 28. Bxe4 Rxc4 29. Bd5 Rc3 30. e4 Bc5+ 31. Ke1 Be3 32. Rb2 Kg7 33. Ke2
Bf4 34. g3 Be5 35. Rd2 h5 36. Bb3 Rc7 37. Rc2 Re7 38. Kf3 Bd4 39. Rd2 Bc5 40.
Ba4 g5 41. Rd7 Re6 42. Rd5 Kg6 43. e5 f5 44. Bb3 Be7 45. Ba4 g4+ 46. Kg2 Bc5 47.
Bb3 Re7 48. e6 Kf6 49. Rd8 a5 50. a4 Rc7 51. Rd7 Rc8 52. Rf7+ Ke5 53. h3 Bd6 54.
hxg4 hxg4 55. Rd7 Re8 56. Bc4 Bc5 57. Rd5+ Kf6 58. Rd7 Be7 59. Rd5 Rc8 60. Bd3
Rc5 61. Rd7 Kxe6 62. Rb7 Rc6 63. Kf2 Bc5+ 64. Ke2 Bd6 65. Rh7 Rc5 66. Rh6+ Ke7
67. Rh7+ Kf6 68. Rh6+ Ke5 69. Bxf5 Kxf5 70. Rxd6 b5 71. axb5 Rxb5 72. Rd4 Re5+
73. Kf2 Re4 74. Rd5+ Re5 75. Rd4 Rb5 76. Ra4 Re5 77. Kf1 Re3 78. Rxa5+ Ke4 79.
Kf2 Rd3 80. Ra2 Rd4 1/2-1/2

[Event "UT Dallas Fall Open 2017"]
[Site "Dallas USA"]
[Date "2017.11.17"]
[Round "1.16"]
[White "Chandra, Akshat"]
[Black "Ghatti, Sanjay"]
[Result "1/2-1/2"]
[WhiteTitle "GM"]
[BlackTitle "FM"]
[WhiteElo "2483"]
[BlackElo "2178"]
[WhiteFideId "25006711"]
[BlackFideId "2076438"]
[EventDate "2017.11.17"]

1. d4 Nf6 2. c4 e6 3. Nc3 d5 4. cxd5 exd5 5. Bg5 c6 6. e3 h6 7. Bh4 Bf5 8. Qf3
Bh7 9. Bxf6 Qxf6 10. Qxf6 gxf6 11. Nf3 Nd7 12. Nh4 Nb6 13. f4 Bb4 14. Kf2 Bxc3
15. bxc3 Be4 16. Rg1 Ke7 17. g4 Rac8 18. Bg2 Bxg2 19. Kxg2 Nc4 20. Kf2 Nd6 21.
Nf5+ Nxf5 22. gxf5 c5 23. Rad1 cxd4 24. Rxd4 Rxc3 25. Rxd5 Rc2+ 26. Kf3 Rhc8 27.
Rgd1 R8c7 28. R1d2 Rxd2 29. Rxd2 Rc3 30. h4 Ra3 31. Rc2 Kf8 32. Re2 h5 33. Ke4
Ra4+ 34. Kd3 Ra5 35. Ke4 Ra4+ 36. Kf3 Ra3 37. Rc2 Ra5 38. Ke4 Ra4+ 39. Kd5 Ra5+
40. Ke4 Ra4+ 41. Kd5 Ra5+ 42. Kd6 Rxf5 43. Rc8+ Kg7 44. Ke7 Ra5 45. Rf8 f5 46.
Rxf7+ Kg6 47. Rf6+ Kg7 48. Rf7+ Kg6 49. Kf8 Rxa2 50. Rxb7 Ra6 51. Rg7+ Kf6 52.
Rf7+ Kg6 53. Kg8 Re6 54. Rg7+ Kf6 55. Rf7+ Kg6 56. Rg7+ Kf6 57. Rxa7 Rxe3 58.
Ra6+ Ke7 59. Ra7+ Ke6 60. Rh7 Rg3+ 61. Kf8 Kd5 62. Re7 1/2-1/2

[Event "UT Dallas Fall Open 2017"]
[Site "Dallas USA"]
[Date "2017.11.17"]
[Round "1.18"]
[White "Drozdowski, Kacper"]
[Black "Capocyan, Sam"]
[Result "1/2-1/2"]
[WhiteTitle "IM"]
[WhiteElo "2467"]
[BlackElo "2150"]
[WhiteFideId "1136720"]
[BlackFideId "2067480"]
[EventDate "2017.11.17"]

1. e4 c5 2. Nf3 e6 3. d4 cxd4 4. Nxd4 a6 5. Bd3 Ne7 6. O-O Nbc6 7. Nb3 g6 8. c4
Bg7 9. f4 d5 10. e5 O-O 11. Nc3 dxc4 12. Bxc4 Qc7 13. Qe2 Rd8 14. Bd3 Nb4 15.
Be4 Ned5 16. Bd2 Nxa2 17. Na4 Nab4 18. Bxb4 Nxb4 19. Rfc1 Nc6 20. Qe3 Bd7 21.
Qb6 Rac8 22. Na5 Qxb6+ 23. Nxb6 Rc7 24. Nxd7 Rcxd7 25. Bxc6 bxc6 26. Nxc6 Ra8
27. b4 Rb7 28. Kf2 Bf8 29. Rc4 Rc7 30. Rac1 Kg7 31. Nd4 Rxc4 32. Rxc4 Rb8 33.
Nc2 Rb5 34. Kf3 a5 35. bxa5 Rxa5 36. Ke4 Rc5 37. Ne3 Rxc4+ 38. Nxc4 Bc5 39. g4
h5 40. gxh5 gxh5 41. f5 Bb4 42. Kf4 exf5 43. Kxf5 Be7 44. Ne3 Bd8 45. Nd5 Bh4
46. Nc7 Be7 47. Ne8+ Kh6 48. h3 Bd8 49. Nf6 Ba5 50. Ne4 Bd8 51. Nc5 Be7 52. Nd7
Bd8 53. Nf6 Ba5 54. Ng8+ Kg7 55. Ne7 Bd8 56. Nc6 Bh4 57. Nb4 Bd8 58. Nd5 Kh6 59.
Nf6 1/2-1/2

[Event "UT Dallas Fall Open 2017"]
[Site "Dallas USA"]
[Date "2017.11.17"]
[Round "1.19"]
[White "Kung, Thomas"]
[Black "Hernandez Carmenate, Holden"]
[Result "0-1"]
[BlackTitle "GM"]
[WhiteElo "2150"]
[BlackElo "2462"]
[WhiteFideId "30914272"]
[BlackFideId "3504387"]
[EventDate "2017.11.17"]

1. e4 c6 2. d4 d5 3. e5 Bf5 4. Nf3 e6 5. Be2 Nd7 6. O-O Bb4 7. Nbd2 h6 8. Nb3
Ne7 9. Bd2 Bxd2 10. Qxd2 O-O 11. Rfc1 Qc7 12. a4 a5 13. Bd3 Be4 14. Ne1 Bg6 15.
Bxg6 fxg6 16. Nd3 Rf7 17. Nf4 Nf8 18. c4 g5 19. Nd3 dxc4 20. Rxc4 b6 21. Nbc1
Qd8 22. Ne2 Nfg6 23. Rac1 Qd5 24. b3 Nh4 25. Ne1 Qxg2+ 26. Nxg2 Nf3+ 27. Kh1
Nxd2 28. R4c2 Ne4 29. f4 Nf2+ 0-1

[Event "UT Dallas Fall Open 2017"]
[Site "Dallas USA"]
[Date "2017.11.17"]
[Round "1.20"]
[White "Prasanna, Raghuram Rao"]
[Black "Richard, Emma"]
[Result "1-0"]
[WhiteTitle "IM"]
[BlackTitle "WFM"]
[WhiteElo "2459"]
[BlackElo "2080"]
[WhiteFideId "5022401"]
[BlackFideId "657590"]
[EventDate "2017.11.17"]

1. d4 Nf6 2. Nf3 e6 3. g3 b5 4. Bg2 Bb7 5. O-O Be7 6. a4 b4 7. Nbd2 O-O 8. Nc4
d5 9. Nce5 Nbd7 10. a5 Nxe5 11. Nxe5 Qc8 12. Nd3 Ba6 13. Bg5 Rb8 14. Re1 h6 15.
Bf4 Rb5 16. Ra4 Ne4 17. Bd2 b3 18. c4 Rb8 19. cxd5 Bxd3 20. exd3 Nxd2 21. dxe6
fxe6 22. Qxd2 Qd7 23. Rc4 Bf6 24. Re4 Rbd8 25. Bh3 Kh8 26. Bxe6 Qd6 27. Qe2 Qa6
28. Rxc7 Rxd4 29. Bxb3 Qxa5 30. Rf7 Rdd8 31. Rxf8+ Rxf8 32. Re8 Qc5 33. Qe3 Qd6
34. Qe6 Qb4 35. Qf7 1-0

[Event "UT Dallas Fall Open 2017"]
[Site "Dallas USA"]
[Date "2017.11.17"]
[Round "1.21"]
[White "Premkumar, Hiren"]
[Black "Reshef, Omer"]
[Result "0-1"]
[BlackTitle "IM"]
[WhiteElo "2048"]
[BlackElo "2453"]
[WhiteFideId "2065584"]
[BlackFideId "2804336"]
[EventDate "2017.11.17"]

1. d4 d5 2. c4 c6 3. cxd5 cxd5 4. Bf4 Nf6 5. Nc3 Nc6 6. e3 Bf5 7. Qb3 Na5 8.
Qa4+ Bd7 9. Qc2 e6 10. Nf3 Rc8 11. Bd3 Be7 12. h3 b5 13. a3 a6 14. O-O O-O 15.
Ne5 Bc6 16. Rfc1 Bb7 17. Qd1 h6 18. a4 b4 19. Ne2 Qb6 20. Rxc8 Rxc8 21. Rc1 Rxc1
22. Qxc1 b3 23. Nc3 Nc6 24. Qd1 Nxe5 25. Bxe5 Ne4 26. Nxe4 dxe4 27. Bc4 Bd5 28.
Qg4 f6 29. Bxd5 exd5 30. Qc8+ Kf7 31. Bg3 h5 32. Qd7 Qe6 33. Qb7 g5 34. Qxb3 h4
35. Bb8 Qc6 36. Kf1 a5 37. Ke2 Bb4 38. Kd1 Kg6 39. Qc2 Qe6 40. Qe2 Qf5 41. Ba7
Qd7 42. Bc5 Qxa4+ 43. Qc2 Qa1+ 44. Qc1 Qxc1+ 45. Kxc1 Be1 46. f3 exf3 47. gxf3
a4 48. Kd1 Bf2 49. Ke2 Bg1 50. Bd6 f5 51. Be5 Kh5 52. Kd3 Bf2 53. e4 dxe4+ 54.
fxe4 g4 55. exf5 gxh3 56. Ke4 Bg3 57. Kf3 h2 58. Kg2 Kg5 59. f6 Kg6 60. Kh1 Kf7
61. Kg2 Ke6 62. Kh1 Kf7 63. Kg2 Ke6 64. Kh1 Be1 65. Kxh2 Bd2 66. f7 Kxf7 67. Bd6
Ke6 68. Bc5 Kd5 69. Kh3 Bg5 70. Kg4 Bf6 71. Bb4 Kc4 72. Ba3 Bxd4 73. Kxh4 Kb3
74. Kg4 Bxb2 75. Be7 Ba3 76. Bf6 Bb4 77. Kf4 a3 78. Ke3 Bc3 79. Be5 0-1

[Event "UT Dallas Fall Open 2017"]
[Site "Dallas USA"]
[Date "2017.11.17"]
[Round "1.22"]
[White "Javakhadze, Zurab"]
[Black "Williams, Quaitemes"]
[Result "1-0"]
[WhiteTitle "IM"]
[WhiteElo "2452"]
[BlackElo "2033"]
[WhiteFideId "13603647"]
[BlackFideId "2007398"]
[EventDate "2017.11.17"]

1. c4 f5 2. d4 Nf6 3. Nf3 g6 4. g3 Bg7 5. Bg2 O-O 6. O-O d6 7. Nc3 Qe8 8. d5 Na6
9. Nd4 Bd7 10. b3 c6 11. Bb2 Nc7 12. b4 e5 13. dxe6 Nxe6 14. Nxe6 Bxe6 15. b5
Bxc4 16. bxc6 bxc6 17. Qxd6 Ne4 18. Nxe4 Bxb2 19. Qb4 Bxe2 20. Qb3+ Qf7 21. Qxb2
Bxf1 22. Ng5 Qe7 23. Bxf1 Qf6 24. Bc4+ Kh8 25. Qxf6+ Rxf6 26. Rb1 h6 27. Nf7+
Kg7 28. Rb7 c5 29. Ng5+ Kh8 30. Rh7# 1-0

[Event "UT Dallas Fall Open 2017"]
[Site "Dallas USA"]
[Date "2017.11.17"]
[Round "1.23"]
[White "Polavaram, Rithik"]
[Black "Nakar, Eylon"]
[Result "0-1"]
[BlackTitle "IM"]
[WhiteElo "1957"]
[BlackElo "2451"]
[WhiteFideId "2081997"]
[BlackFideId "2811111"]
[EventDate "2017.11.17"]

1. d4 Nf6 2. c4 e6 3. Nc3 Bb4 4. e3 O-O 5. Ne2 Re8 6. a3 Bf8 7. d5 d6 8. dxe6
Bxe6 9. Nf4 Bd7 10. Be2 Nc6 11. O-O Ne5 12. b4 c6 13. Qb3 a6 14. a4 a5 15. b5
Bf5 16. Rd1 g5 17. Nd3 Ng6 18. f3 d5 19. Nf2 Be6 20. e4 Bc5 21. Bxg5 Bxf2+ 22.
Kxf2 Ng4+ 23. fxg4 Qxg5 24. cxd5 Bxg4 25. Bxg4 Qxg4 26. h3 Qg5 27. g3 Rad8 28.
bxc6 bxc6 29. dxc6 Rd2+ 30. Rxd2 Qxd2+ 31. Kg1 Qe3+ 32. Kg2 Nh4+ 33. gxh4 Kh8
34. Qxf7 Rg8+ 35. Qxg8+ Kxg8 36. Nb5 Qxe4+ 37. Kf2 Qxh4+ 38. Kg2 Qg5+ 39. Kh1
Qd5+ 40. Kg1 Qc5+ 41. Kf1 Qxc6 42. Ra3 Kf7 43. Ke2 Qg2+ 44. Kd1 Ke6 45. Kc1 Kd5
46. Kb1 Kc4 47. Kc1 Kb4 48. Kb1 h5 49. Ka1 Qc2 50. Re3 0-1

[Event "UT Dallas Fall Open 2017"]
[Site "Dallas USA"]
[Date "2017.11.17"]
[Round "1.24"]
[White "Patel, Advait"]
[Black "Sanchez, Robert"]
[Result "1-0"]
[WhiteTitle "IM"]
[WhiteElo "2449"]
[BlackElo "1875"]
[WhiteFideId "2075105"]
[BlackFideId "2034360"]
[EventDate "2017.11.17"]

1. e4 Nc6 2. Nf3 d6 3. d4 Nf6 4. c3 g6 5. h3 Bg7 6. Bd3 O-O 7. O-O e5 8. Na3 h6
9. Nc2 Nd7 10. dxe5 Ndxe5 11. Nxe5 Nxe5 12. Be2 Qh4 13. f4 Nc6 14. Ne3 Re8 15.
Qd3 Ne7 16. Bd2 d5 17. e5 Nf5 18. Nxd5 c6 19. Nf6+ Bxf6 20. Be1 Be6 21. Bxh4
Bxh4 22. Rad1 Rad8 23. Qb1 Ng3 24. Rf2 Nf5 25. Rf3 Ng3 26. Bd3 Rd7 27. Kh2 Red8
28. Bc2 Rxd1 29. Bxd1 Nf5 30. Qc1 Be1 31. Bb3 Bd2 32. Qg1 Bxb3 33. axb3 Nh4 34.
Rf1 Rd3 35. Qxa7 Be3 36. Qxb7 Rd2 37. Qxc6 1-0